Countries of the World with 10,000 Foot Mountains - Statistics

General Stats
  • This quiz has been taken 1,750 times
  • The average score is 47 of 61
Answer Stats
country % Correct
United States
98%
Canada
97%
China
97%
Nepal
97%
Russia
96%
Argentina
95%
Chile
95%
India
95%
France
94%
Mexico
93%
Switzerland
93%
Italy
92%
Pakistan
92%
Peru
91%
Japan
90%
Afghanistan
89%
Bhutan
89%
Colombia
89%
Austria
88%
Tanzania
88%
Iran
87%
Spain
87%
Turkey
87%
Bolivia
86%
Indonesia
86%
Kenya
86%
Ecuador
85%
Venezuela
84%
Kazakhstan
83%
Uzbekistan
83%
Armenia
82%
Tajikistan
81%
Turkmenistan
81%
Dem Rep Congo
80%
South Africa
80%
Azerbaijan
79%
Georgia
79%
Iraq
79%
Kyrgyzstan
79%
New Zealand
78%
Mongolia
76%
Ethiopia
73%
Myanmar
73%
Morocco
70%
Uganda
70%
Vietnam
70%
Guatemala
68%
Malaysia
68%
Rwanda
62%
Papua New Guinea
61%
Costa Rica
60%
Panama
60%
Yemen
53%
Chad
48%
Taiwan
47%
Lesotho
45%
Greenland
44%
Cameroon
43%
South Sudan
42%
Dominican Republic
38%
Lebanon
31%
No matching quizzes found
Score Distribution
Percent of People with Each Score
Percentile by Number Answered
Your Score History
You have not taken this quiz